La presencia total /

Guardado en:
Autor Principal: Lavelle, Louis
Formato: Libro
Publicado: Argentina : Troquel, 1961
Etiquetas: Agregar Etiqueta
Sin Etiquetas, Sea el primero en etiquetar este registro!
LEADER 00380nam a22001455a 4500
001 CEM.cems003768
005 19000101000000.0
008 130507s1961##################000#0#####d
003 CEMS
082 0 4 |a 100 
100 1 |a Lavelle, Louis 
245 1 0 |a La presencia total / 
260 |a Argentina :  |b Troquel,  |c 1961 
300 |a 207 p. 
859 |a CEMS  |b BIB. CEMS - 11 de abril  |h 100  |i L383  |p 12135.83  |t Ej.1